Documento firmado por Miguel Barragán (Record no. 4636)
[ view plain ]
| 000 -CABECERA | |
|---|---|
| campo de control de longitud fija | 01767nam a2200337 a 4500 |
| 001 - NÚMERO DE CONTROL | |
| campo de control | BRCA_4942 |
| 005 - FECHA Y HORA DE LA ÚLTIMA TRANSACCIÓN | |
| campo de control | 20190320204854.0 |
| 008 - DATOS DE LONGITUD FIJA--INFORMACIÓN GENERAL | |
| campo de control de longitud fija | 211010m18341835mx-######v---#000-0#spa-# |
| 041 ## - CÓDIGO DE LENGUA | |
| Código de lengua del texto/banda sonora o título independiente | spa |
| 044 ## - CÓDIGO DEL PAÍS DE LA ENTIDAD EDITORA/PRODUCTORA | |
| Código MARC del país | mx |
| 084 ## - OTRO NÚMERO DE CLASIFICACIÓN | |
| Número de clasificación | DOC38 |
| Número de documento/Ítem | .B37 |
| -- | 1834 |
| 100 1# - ENTRADA PRINCIPAL--NOMBRE DE PERSONA | |
| Nombre de persona | Barragán, Miguel |
| Fechas asociadas al nombre | 1789-1836 |
| 9 (RLIN) | 12551 |
| 245 10 - MENCIÓN DE TÍTULO | |
| Título | Documento firmado por Miguel Barragán |
| Mención de responsabilidad, etc. | Miguel Barragán ... [et al.]. |
| 260 ## - PUBLICACIÓN, DISTRIBUCIÓN, ETC. | |
| Lugar de publicación, distribución, etc. | México |
| Fecha de publicación, distribución, etc. | 1834-1835 |
| 300 ## - DESCRIPCIÓN FÍSICA | |
| Extensión | [3] fojas |
| Dimensiones | 30 x 21 cm |
| 500 ## - NOTA GENERAL | |
| Nota general | Documento firmado el 25 de agosto de 1835 |
| 500 ## - NOTA GENERAL | |
| Nota general | Documento firmado por Miguel Barragán y de acuse de recibido de José María Tornel, Obregón, José María Nieto y otros |
| 500 ## - NOTA GENERAL | |
| Nota general | Contiene el nombramiento que el C. Miguel Barragán, Presidente interino de los Estados Unidos Mexicanos confiere al C.Miguel Plácido Pardo como primer subteniente de la Compañía de granaderos del Batallón 3° Activo de Yucatán.Dado en el Palacio de Gobierno Mexicano el 25 de agosto de 1835 |
| 500 ## - NOTA GENERAL | |
| Nota general | En la parte superior sello del Ejecutivo o inscripción que dice: SELLO TERCERO CUATRO REALES. Para los años de mil ochocientos treinta y cuatro y ochocientos treita y cinco |
| 500 ## - NOTA GENERAL | |
| Nota general | El documento tiene la leyenda DOC. #47 |
| 500 ## - NOTA GENERAL | |
| Nota general | Papel con marca de agua |
| 500 ## - NOTA GENERAL | |
| Nota general | Impreso con rúbricas |
| 506 0# - NOTA DE RESTRICCIONES AL ACCESO | |
| Limitaciones de acceso | Fondo reservado: para su consulta es necesario credencial de usuario y carta de motivos |
| 546 ## - NOTA DE LENGUA/LENGUAJE | |
| Nota de lengua/lenguaje | Texto en: español de principios del siglo XIX |
| 600 14 - PUNTO DE ACCESO ADICIONAL DE MATERIA--NOMBRE DE PERSONA | |
| Nombre de persona | Barragán Andrade, Miguel Francisco |
| Fechas asociadas al nombre | 1789-1836 |
| 9 (RLIN) | 12552 |
| 651 #4 - PUNTO DE ACCESO ADICIONAL DE MATERIA--NOMBRE GEOGRÁFICO | |
| Nombre geográfico | México |
| Subdivisión de forma | Impreso con rúbricas |
| Subdivisión general | Historia |
| Subdivisión cronológica | Federalismo y centralismo, 1824-1853 |
| 9 (RLIN) | 12485 |
| 700 1# - PUNTO DE ACCESO ADICIONAL--NOMBRE DE PERSONA | |
| Nombre de persona | Tornel y Mendivil, José María |
| Fechas asociadas al nombre | 1789-1853 |
| 9 (RLIN) | 12553 |
| 700 1# - PUNTO DE ACCESO ADICIONAL--NOMBRE DE PERSONA | |
| Nombre de persona | Nieto, José María |
| 9 (RLIN) | 12554 |
| 902 ## - CATALOGADOR | |
| Iniciales | FDH |
| 942 ## - ELEMENTOS DE PUNTO DE ACCESO ADICIONAL (KOHA) | |
| Fuente del sistema de clasificación o colocación | Library of Congress Classification |
| Tipo de ítem Koha | Documentos |
| Estado de retiro | Estado de pérdida | Estado dañado | No para préstamo | Localización permanente | Ubicación/localización actual | Fecha de adquisición | Total de préstamos | Signatura topográfica completa | Código de barras | Fecha visto por última vez | Precio válido a partir de | Tipo de ítem Koha |
|---|---|---|---|---|---|---|---|---|---|---|---|---|
| El ejemplar forma parte de la colección y puede ser consultado según las políticas vigentes. | Biblioteca del Museo Franz Mayer (Rogerio Casas-Alatriste) | Biblioteca del Museo Franz Mayer (Rogerio Casas-Alatriste) | 21/10/2010 | DOC38 .B37 1834 | 5003 | 22/03/2019 | 22/03/2019 | Documentos |